| 000 | 00363nam a2200133Ia 4500 | ||
|---|---|---|---|
| 005 | 20250603145725.0 | ||
| 008 | 250603s9999 xx 000 0 und d | ||
| 020 | _a978-0-19-475651-0 | ||
| 050 | _aPE 1128 .S55/ | ||
| 245 | 0 | _aSkills for Success Intro: Reading and Writing. Teacher's Handbook | |
| 260 | _bOxford University Press | ||
| 260 | _c2011 | ||
| 942 | _cBK | ||
| 999 |
_c42669 _d42669 |
||